LEADER 02808nam0-2200445---450 001 9910313559503321 005 20231221110412.0 012 $aR.D. m-re r.s, sote (3) 1724 (R)$2fei$5IT-NA0338: A VII 446 (1 012 $aR.D. m-re r.s, sote (3) 1724 (R)$2fei$5IT-NA0338: D V 17 100 $a20190402d1724----km-y0itay50------ba 101 0 $alat 102 $aGB 140 $aa-----------------bb0------- 200 1 $aJohannis Raii Synopsis methodica stirpium Britannicarum: tum indigenis, tum in agris cultis locis suis dispositis; additis generum characteristicis, specierum descriptionibus & virium epitome. Duobus tomis Tom. I. [-II,] 205 $aEditio tertia multis locis emendata, & quadringentis quinquaginta circiter speciebus noviter detectis aucta. Cum iconibus 210 $aLondini$cimpensis Gulielmi & Joannis Innys, in area occidentali D. Pauli, & S. Tooke & B. Motte, ad Medii Templi Portam, Fleetstreet$d1724 215 $a2 v.$cill. calcogr.$d8° 300 $aPaginazione e segnatura continue nei 2 v. 307 $aSegn.: A-T? *T? (v. 1) 307 $aSegn.: ?¹ U-2K? (v. 2) 307 $a1.: [17], 2-288, *281-*288 p., [1], XI c. di tav., di cui 1 rip. ; 2.: [2] p., P. 289-482, [30] p., c. di tav. XII-XXIV, di cui 1 rip. 316 $aPiatto anteriore completamente staccato$5IT-NA0338: A VII 446 (1 316 $aMutilo delle c. di tav. III, X, XXIV$5IT-NA0338: D V 17 317 $aTimbro ovale: "R. Orto Botanico di Napoli Biblioteca Tenoreana" sul front.$5IT-NA0338: A VII 446 (1 317 $aTimbro ovale: "R. Orto Botanico di Napoli Biblioteca Tenoreana" a c. A2$5IT-NA0338: D V 17 321 1 $aPritzel$b1872$c7438$uhttps://books.google.it/books?id=_FnAgYaaY0AC&printsec=frontcover&hl=it&source=gbs_ge_summary_r&cad=0#v=snippet&q=7438&f=false 517 1 $aSynopsis methodica stirpium Britannicarum: tum indigenis, tum in agris cultis locis suis dispositis; additis generum characteristicis, specierum descriptionibus & virium epitome. Duobus tomis Tom. I. [-II,] 620 $aGran Bretagna.$dLondra 700 1$aRay,$bJohn$f<1627-1705>$0762103 719 00$aInnys,$gWilliam$h& Innys John$4650 801 0$aIT$bUNINA$gREICAT$2UNIMARC 856 4 $zVisualizza la versione elettronica in Bayerische StaatsBibliothek digital$uhttps://reader.digitale-sammlungen.de/de/fs1/object/display/bsb10302839_00007.html$e201900403 901 $aAQ 912 $a9910313559503321 952 $aA VII 446 (1$b385$fDBV 952 $aA VII 446 (2$fDBV 952 $aD V 17$b1857$fDBV 959 $aDBV 996 $aJohannis Raii Synopsis methodica stirpium Britannicarum: tum indigenis, tum in agris cultis locis suis dispositis; additis generum characteristicis, specierum descriptionibus & virium epitome. Duobus tomis Tom. I.$91567884 997 $aUNINA LEADER 01063nam0 22002651i 450 001 UON00189679 005 20231205103209.213 010 $a01-982025-4-7 100 $a20030730d1993 |0itac50 ba 101 $aeng 102 $aUS 105 $a|||| ||||| 200 1 $a Broken lives$eseparation and divorce in England 1660-1857$fLawrence Stone. Oxford$gNew York$eOxford University Press, 1993. XVIII, 355 p. ; 24 cm. 606 $aGRAN BRETAGNA$xStoria sociale$xSec. 18.-19.$3UONC038072$2FI 620 $aGB$dOxford$3UONL000029 620 $aUS$dNew York$3UONL000050 676 $a306.8$cMatrimonio e famiglia$v21 700 1$aStone$bLawrence$3UONV100351$0153310 712 $aOxford University Press$3UONV245947$4650 801 $aIT$bSOL$c20250228$gRICA 899 $aSIBA - SISTEMA BIBLIOTECARIO DI ATENEO$2UONSI 912 $aUON00189679 950 $aSIBA - SISTEMA BIBLIOTECARIO DI ATENEO$dSI EUR C A 0497 $eSI SC 28009 5 0497 996 $aBroken lives$91295498 997 $aUNIOR